000 00763nam a2200253Ia 4500
003 OSt
005 20220918164551.0
006 a|||||r|||| 00| 0
007 ta
008 220917b |||||||| |||| 00| 0 eng d
020 _a0691001812 (hbk)
024 _a176,792
037 _cTextual
040 _aARTS
_cARTS
_beng
041 _2eng
_aeng
082 _aV1.N45, N9 (SC)
100 _aGilbert Alan
_919461
245 0 _aMust global politics contrain democracy
_b great power realism, democratic peace and democratic internatioalism
260 _aNew Jersey
_bPrinceton University of Press
_c1999
300 _axvii, 316p.
_ccm.
650 _aHISTORY
942 _hV1.N45, N9 (SC)
_cTEXL
_2CC
999 _c125323
_d125323